000 00276nam a2200109Ia 4500
008 190216s9999||||xx |||||||||||||| ||und||
100 _aProfessional Staff Of The Bennett
 College
245 0 _aCosting Systems And Accounts
260 _bNull
300 _a279p
942 _cBK
999 _c4581
_d4581